| 000 | 00501nam a2200133Ia 4500 | ||
|---|---|---|---|
| 008 | 200908s9999 xx 000 0 und d | ||
| 020 | _a978-971-98-1186-2 | ||
| 100 | _aVillasoto, Herminigildo | ||
| 245 |
_cHerminigildo Villasoto, Noemie Villasoto _aService-learning and immersion towards community building: _bNSTP-CWTS 2 worktext for college students/ |
||
| 250 | _a2nd ed. | ||
| 260 |
_aQuezon City: _bC and E Publishing, Inc. _c2019 |
||
| 300 |
_axi, 148 pages _c25 cm. |
||
| 650 | _aService learning | ||
| 999 |
_c364117 _d364117 |
||